| 000 | 01270nam a2200301 i 4500 | ||
|---|---|---|---|
| 001 | 66497 | ||
| 003 | ES-MaACL | ||
| 005 | 20250903231123.0 | ||
| 008 | 030214s2002 sp a |||| | spa d | ||
| 020 | _a84-89913-40-4 | ||
| 080 | _a7(083.824) | ||
| 110 | 2 |
_aFundación Lázaro Galdiano. _94357 |
|
| 245 | 1 | 0 |
_aObras maestras de la Colección Lázaro Galdiano _b: Sala de Exposiciones de la Fundación Santander Central Hispano, 16 diciembre 2002-9 febrero 2003 / _c[textos, Letizia Arbeteta Mira ... et al. ; fotografías, Tomás Antelo, Pablo Linés Viñuales]. |
| 260 |
_a[Madrid] : _bFundación Santander Central Hispano : _bFundación Lázaro Galdiano, _c[2002] |
||
| 300 |
_a319 p. : _bil. col. y n. ; _c30 cm. |
||
| 504 | _aBibliografía: p. 306-317. | ||
| 600 | 1 | 4 |
_aLázaro Galdiano, José, _d1862-1947 _970802 |
| 610 | 2 | 4 |
_aFundación Lázaro Galdiano- _vCatálogos. _94358 |
| 650 | 4 |
_aArte- _vExposiciones. _9156054 |
|
| 655 | 7 |
_2tgfbne _9193628 _aCatálogos de exposiciones |
|
| 700 | 1 |
_aArbeteta Mira, Letizia, _d1951- _9170838 |
|
| 700 | 1 |
_aAntelo, Tomás. _921869 |
|
| 700 | 1 |
_aLinés, Pablo _9149532 |
|
| 710 | 2 |
_aFundación Santander Central Hispano. _94415 |
|
| 852 |
_aES-MaACL _jL-26976 |
||
| 942 | _2udc | ||
| 999 |
_c66497 _d66497 |
||